01004nam a2200205 a 450000100100000000500170001000800410002704000250006808200130009310000440010624501420015026000370029230000280032970000430035770000360040095201170043695201110055395201170066499900170078100004206120201002035921.0131112s2013 dr a 000 0 spa d aDO-SdBNPbspacBNPHU axxxbxxx1 aRodríguez Gómez, Cristóbal96478510aVoces contra la corrupción y la impunidad. /cCristóbal Rodríguez Gómez, Jorge Luis Polanco Rodríguez, Carlos Moisés Almonte. aSanto Domingo, :b[s.d.],c2013. a154 p. :bil. ;c21 cm.1 aPolanco Rodríguez, Jorge Luis9690511 aAlmonte, Carlos Moisés969052 0010718DSaGRbGRcCTd2013-11-12iLF1l0oxxx xxxp42061-30r2020-06-25te. 3w2020-06-25yLFDSZNo se presta 0010718PDaPDbPDcCTd2013-11-12iLF1l0oxxx xxxp42061-10r2020-06-25w2020-06-25yLFPDZNo se presta 0010718PDaPDbPDcCTd2013-11-12iLF1l0oxxx xxxp42061-20r2020-06-25te. 2w2020-06-25yLFPDZNo se presta c41550d41550